Kreikan aakkosten kirjaimet - Äkkikuolema - Statistics

Yleistilastot
  • Tätä visaa on pelattu 1 093 kertaa
  • Keskiarvotulos 11 / 24
Answers on the Grid
Answers color-coded by a green-red scale on the quiz's grid according to % correct below.
Alfa
Beeta
Deka
Delta
Eeta
Ekho
Eos
Epsilon
Fii
Gamma
Gimel
Ioota
Kappa
Khii
Kilo
Kseena
Ksii
Ksyy
Lambda
Lemma
Lii
Myy
Nyy
Omikron
Oomega
Phoo
Pii
Psii
Rex
Rhea
Rhoo
Sau
Sigma
Tau
Theeta
Tseeda
Vega
Ypsilon
Zain
Zeeta
 
Vastaustilastot
Vastaus % Oikein
Alfa
98%
Beeta
94%
Delta
86%
Gamma
79%
Epsilon
56%
Oomega
54%
Sigma
51%
Kappa
45%
Myy
41%
Zeeta
41%
Pii
39%
Ypsilon
39%
Lambda
38%
Theeta
37%
Rhoo
35%
Eeta
34%
Omikron
31%
Ksii
30%
Fii
29%
Psii
27%
Khii
26%
Ioota
22%
Tau
22%
Nyy
19%
Ehtoja vastaavia visoja ei löytynyt
Tulosjakauma
Jokaisen tuloksen saaneiden osuus
Persentiili vastausten määrän mukaan
Tuloshistoriasi
Et ole pelannut tätä visaa